| 000 | 00467nam a2200193Ia 4500 | ||
|---|---|---|---|
| 005 | 20260620115328.0 | ||
| 008 | 131103s9999 xx 000 0 und d | ||
| 040 | _aLoreto College | ||
| 041 | _aEnglish | ||
| 082 |
_a232 _bEJ |
||
| 100 | _aLe Joly, E.S.J | ||
| 245 |
_aLife Of Christ _cE. Le Jolly,S.J |
||
| 260 |
_aBombay _bSt Paul Publications _c1957 |
||
| 300 | _a244p | ||
| 504 | _aIncludes index | ||
| 650 | _aChritanity | ||
| 850 | _aLCLIB | ||
| 942 | _cBK | ||
| 999 |
_c24571 _d75050 |
||